000
00290nam a2200121Ia 4500
008
190216s9999||||xx |||||||||||||| ||und||
100
_a
Somerst Maugham W
245
0
_a
Collected Short Stories
260
_b
Penguin Books
_c
1976
300
_a
462p
650
_a
English Stories
942
_c
BK
999
_c
12682
_d
12682